Подробности
| 000 -МАРКЕР |
| контрольное поле |
02317nam0a2200421 4500 |
| 001 - ИДЕНТИФИКАТОР ЗАПИСИ |
| контрольное поле |
RU\NLR\BIBL_A\012450895 |
| 005 - ИДЕНТИФИКАТОР ВЕРСИИ |
| контрольное поле |
20260405162128.0 |
| 010 ## - МЕЖДУНАРОДНЫЙ СТАНДАРТНЫЙ НОМЕР КНИГИ (ISBN) |
| Номер (ISBN) |
978-5-94375-281-0 |
| Тираж |
200 |
| 021 ## - НОМЕР ГОСУДАРСТВЕННОЙ РЕГИСТРАЦИИ |
| Код страны |
российская федерация |
| Номер |
2020-62266 |
| Номер Листа государственной регистраци |
КН-П-4678 |
| 035 ## - ДРУГИЕ СИСТЕМНЫЕ НОМЕРА |
| Идентификатор записи |
(RuMoRGB)010445100 |
| 035 ## - ДРУГИЕ СИСТЕМНЫЕ НОМЕРА |
| Идентификатор записи |
(NLR Aleph) 012450895 |
| 100 ## - ДАННЫЕ ОБЩЕЙ ОБРАБОТКИ |
| Данные общей обработки |
20210211d2019 |||y0rusy50 ca |
| 101 0# - ЯЗЫК РЕСУРСА |
| Язык текста, звукозаписи и т.д. |
русский |
| Язык резюме |
английский |
| 102 ## - СТРАНА ПУБЛИКАЦИИ ИЛИ ПРОИЗВОДСТВА |
| Страна публикации |
российская федерация |
| 105 ## - ПОЛЕ КОДИРОВАННЫХ ДАННЫХ: ТЕКСТОВЫЕ МАТЕРИАЛЫ, МОНОГРАФИЧЕСКИЕ |
| Кодированные данные о монографическом текстовом документе |
ab||z|||000zy |
| 181 #0 - ПОЛЕ КОДИРОВАННЫХ ДАННЫХ: ВИД СОДЕРЖАНИЯ |
| Код вида содержания (ISBD) |
i |
| Код характеристики содержания (ISBD) |
axxe |
| 182 #0 - ПОЛЕ КОДИРОВАННЫХ ДАННЫХ: ТИП СРЕДСТВА |
| Код типа средства (ISBD) |
n - непосредственное |
| 200 1# - ЗАГЛАВИЕ И СВЕДЕНИЯ ОБ ОТВЕТСТВЕННОСТИ |
| Основное заглавие |
Средневековый могильник Шизе-IV в Западном Закубанье |
| Параллельное заглавие |
Medieval burial ground Shize-IV in Western Trans-Kuban region |
| Сведения, относящиеся к заглавию |
[монография] |
| Первые сведения об ответственности |
У. Ю. Кочкаров, П. С. Успенский |
| Последующие сведения об ответственности |
Российская академия наук, Институт археологии |
| Язык параллельного заглавия |
английский |
| 203 ## - ВИД СОДЕРЖАНИЯ И ТИП СРЕДСТВА |
| Вид содержания |
Текст |
| Дополнительные сведения об издании |
визуальный |
| Тип средства |
непосредственный |
| 210 ## - ПУБЛИКАЦИЯ, РАСПРОСТРАНЕНИЕ И ДР. |
| Место издания, распространения и т.д. |
Москва |
| Имя издателя, распространителя и т. д. |
ИА РАН |
| Дата издания, распространения и т.д. |
2019 |
| 215 ## - ФИЗИЧЕСКАЯ ХАРАКТЕРИСТИКА |
| Специфическое обозначение материала и объем |
162 с. |
| Другие сведения о физической характеристике |
ил., цв. ил., карт., табл. |
| Размеры |
31 |
| 225 1# - СЕРИЯ |
| Основное заглавие серии |
Труды Северо-Кавказской (Донской) археологической экспедиции |
| Параллельное заглавие серии |
Proceedings of Severo-Kavkazskya (Donskaya) Arhaeological Expedition |
| Обозначение тома |
т. 2 |
| 300 ## - ОБЩИЕ ПРИМЕЧАНИЯ |
| Текст примечания |
Авт. также на англ. яз.: U. Yu. Kochkarov, P. S. Uspensky |
| 300 ## - ОБЩИЕ ПРИМЕЧАНИЯ |
| Текст примечания |
Рез. англ. |
| 320 ## - ПРИМЕЧАНИЯ О НАЛИЧИИ В ДОКУМЕНТЕ БИБЛИОГРАФИИ / УКАЗАТЕЛЯ |
| Текст примечания |
Библиогр.: с. 155-161 |
| 510 1# - ПАРАЛЛЕЛЬНОЕ ЗАГЛАВИЕ |
| Связь между полями |
z11 |
| -- |
z11790 |
| Параллельное заглавие |
Medieval burial ground Shize-IV in Western Trans-Kuban region |
| Язык заглавия |
английский |
| 607 ## - ГЕОГРАФИЧЕСКОЕ НАИМЕНОВАНИЕ КАК ПРЕДМЕТ |
| Географическое наименование |
Шизе-IV, курганный могильник (Кубань) |
| Тематический подзаголовок |
Археологические исследования |
| Системный номер авторитетной/нормативной записи |
2472054 |
| Идентификатор авторитетной/нормативной записи |
RU\NLR\AUTH\6601685105 |
| 686 1# - ИНДЕКСЫ ДРУГИХ КЛАССИФИКАЦИЙ |
| Индекс |
Т4(2)44-431.1 |
| 700 #1 - ИМЯ ЛИЦА - ПЕРВИЧНАЯ ОТВЕТСТВЕННОСТЬ |
| Материалы, к которым относится поле |
rus |
| Графика поля |
Кириллица |
| Начальный элемент ввода |
Кочкаров |
| Часть имени, кроме начального элемента ввода |
У. Ю. |
| Расширение инициалов личного имени |
Умар Юсуфович |
| Идентификатор авторитетной/нормативной записи |
RU\NLR\AUTH\7768476 |
| Системный номер авторитетной/нормативной записи |
51404 |
| 701 #1 - ИМЯ ЛИЦА - АЛЬТЕРНАТИВНАЯ ОТВЕТСТВЕННОСТЬ |
| Графика поля |
Кириллица |
| Материалы, к которым относится поле |
rus |
| Начальный элемент ввода |
Успенский |
| Часть имени, кроме начального элемента ввода |
П. С. |
| Дополнения к именам, кроме дат |
канд. ист. наук |
| Даты |
1988- |
| Расширение инициалов личного имени |
Павел Сергеевич |
| Системный номер авторитетной/нормативной записи |
246119 |
| Идентификатор авторитетной/нормативной записи |
RU\NLR\AUTH\770246175 |
| 790 #1 - ИМЯ ЛИЦА - АЛЬТЕРНАТИВНАЯ ФОРМА |
| Материалы, к которым относится поле |
rus |
| Графика поля |
Латинская |
| Начальный элемент ввода |
Kočkarov |
| Часть имени, кроме начального элемента ввода |
U. J. |
| Расширение инициалов личного имени |
Umar Jusufovič |
| Идентификатор авторитетной/нормативной записи |
RU\NLR\AUTH\7768477 |
| Системный номер авторитетной/нормативной записи |
51405 |
| 790 #1 - ИМЯ ЛИЦА - АЛЬТЕРНАТИВНАЯ ФОРМА |
| Графика поля |
Латинская |
| Материалы, к которым относится поле |
rus |
| Начальный элемент ввода |
Uspenskij |
| Часть имени, кроме начального элемента ввода |
P. S. |
| Дополнения к именам, кроме дат |
канд. ист. наук |
| Даты |
1988- |
| Расширение инициалов личного имени |
Pavel Sergeevič |
| Системный номер авторитетной/нормативной записи |
246121 |
| Идентификатор авторитетной/нормативной записи |
RU\NLR\AUTH\770246177 |
| 942 ## - ДОПОЛНИТЕЛЬНЫЕ ЭЛЕМЕНТЫ ЗАПИСИ (АБИС) |
| Тип экземпляра АБИС |
Книга |
| 980 ## - КОЛЛЕКЦИЯ |
| Название коллекции |
НБР |
| 980 ## - КОЛЛЕКЦИЯ |
| Название коллекции |
Национальная библиография |